[Event "Aragon-chT Preferente A"]
[Site "Aragon"]
[Date "2012.02.18"]
[Round "3.49"]
[White "Malo Guillen, Jose Luis"]
[Black "Ferreruela Romero, Jose Joaquin"]
[Result "0-1"]
[WhiteElo "2189"]
[BlackElo "2020"]
[PlyCount "64"]
[EventDate "2012.02.04"]
[EventType "team"]
[EventRounds "9"]
[EventCountry "ESP"]
[SourceTitle "EXT 2014"]
[Source "ChessBase"]
[SourceDate "2013.11.20"]
[SourceVersion "1"]
[SourceVersionDate "2013.11.20"]
[SourceQuality "1"]
[WhiteTeam "Las Fuentes"]
[BlackTeam "Calatayud"]
[WhiteTeamCountry "ESP"]
[BlackTeamCountry "ESP"]

1. d4 Nf6 2. Bg5 b6 3. Bxf6 gxf6 4. e3 Bb7 5. Nf3 e6 6. g3 c5 7. Bg2 cxd4 8. exd4 h5 9. 0-0 Qc8 10. Re1 Be7 11. Nbd2 f5 12. c4 h4 13. d5 hxg3 14. hxg3 Na6 15. Nd4 Kf8 16. Qe2 Bf6 17. Nb5 Qb8 18. Nf3 Nc5 19. Ne5 a6 20. Nd4 Bxe5 21. Qxe5 Qxe5 22. Rxe5 Ne4 23. dxe6 dxe6 24. Rc1 Rd8 25. Nb3 Ke7 26. c5 f6 27. c6 Bxc6 28. Rxc6 Rd1+ 29. Bf1 fxe5 30. Rxb6 Rc8 31. Rxa6 Rc2 32. Ra7+ Kf6 0-1